[Event "27e tournoi 1hKO"]
[Site "Montigny le Bretonneux"]
[Date "2025.05.31"]
[Round "5.8"]
[White "Branson, James"]
[Black "Fayolle, Guy"]
[Result "0-1"]
[WhiteElo "1665"]
[BlackElo "1683"]
[Annotator "Rivier,Sylvain"]
[PlyCount "37"]
[EventDate "2025.??.??"]
[WhiteTeam "Club d'Echecs de Guyancourt"]
[BlackTeam "Saint-Quentin en Yvelines"]

{Gambit du roi} 1. e4 e5 2. f4 Bc5 3. Nf3 d6 4. Bc4 Nf6 5. c3 Nxe4 6. Qa4+ Bd7
7. Bxf7+ Kxf7 8. Qxe4 Bc6 9. Qc4+ Kf8 10. Ng5 Qe7 11. Ne6+ Ke8 12. Nxc5 dxc5
13. O-O a6 14. Re1 Nd7 15. Qe2 e4 16. d3 Nf6 17. f5 Kd7 18. dxe4 Nxe4 19. Qg4 {
suite illisible} 0-1

[Event "27e tournoi 1hKO"]
[Site "Montigny le Bretonneux"]
[Date "2025.05.31"]
[Round "5.9"]
[White "Neveu, Raphael"]
[Black "Moulun, Raphael"]
[Result "1-0"]
[WhiteElo "1741"]
[BlackElo "1597"]
[Annotator "Rivier,Sylvain"]
[PlyCount "68"]
[EventDate "2025.??.??"]
[WhiteTeam "La Dame Noire"]
[BlackTeam "La Dame Noire"]

1. e4 e5 2. Nf3 Nf6 3. Nxe5 Nxe4 4. Qe2 Qe7 5. Qxe4 d6 6. d4 dxe5 7. Qxe5 Qxe5+
8. dxe5 Nc6 9. Bf4 Nb4 10. Na3 Nd5 11. Bg3 Bb4+ 12. Kd1 Bg4+ 13. f3 Ne3+ 14.
Ke2 Nxf1 15. Rhxf1 Be6 16. Rad1 O-O 17. Nb1 Bc4+ 18. Ke3 Bc5+ 19. Ke4 f5+ 20.
Kf4 h6 21. Be1 g5+ 22. Kg3 f4+ 23. Kh3 h5 24. Bc3 Be6+ 25. g4 fxg3+ 26. Kxg3 g4
27. fxg4 Bxg4 28. Rd3 Rxf1 29. Bd4 Bxd4 30. Rxd4 Raf8 31. Re4 Be6 32. a4 R1f3+
33. Kh4 Rh3+ 34. Kg5 Bf5 {suite non notée} 1-0

[Event "27e tournoi 1hKO"]
[Site "Montigny le Bretonneux"]
[Date "2025.05.31"]
[Round "5.10"]
[White "Couradin, Bruno"]
[Black "Pujol, Nicolas"]
[Result "0-1"]
[WhiteElo "1554"]
[BlackElo "1654"]
[Annotator "Rivier,Sylvain"]
[PlyCount "84"]
[EventDate "2025.??.??"]
[WhiteTeam "La Dame Noire"]
[BlackTeam "CE Le Roi Soleil - Le Chesnay - Versailles"]

{Défense Caro-Kann} 1. e4 c6 2. d4 d5 3. Nc3 dxe4 4. Nxe4 Nf6 5. Nxf6+ exf6 6.
Nf3 Bd6 7. Bc4 O-O 8. O-O Bg4 9. h3 Bh5 10. Be2 Re8 11. Re1 Qc7 12. Be3 Nd7 13.
Nh4 Bxe2 14. Rxe2 Rad8 15. Nf3 Nb6 16. b3 c5 17. d5 Nxd5 18. Qe1 b6 19. Rd1 Qc6
20. Bd2 Bb8 21. c4 Nf4 22. Bxf4 Bxf4 23. Rxd8 Rxd8 24. Re4 Bc7 25. Re7 g6 26.
Kf1 Kg7 27. Qc3 Qd6 28. Re1 Rd7 29. Qe3 a5 30. a3 Qd3+ 31. Qxd3 Rxd3 32. Re3
Rxe3 33. fxe3 Be5 34. Ke2 h5 35. a4 g5 36. g4 Kg6 37. Kd3 hxg4 38. hxg4 Bc7 39.
e4 Kg7 40. Ng1 Kf8 41. Ne2 Ke7 42. Nc3 Ke6 0-1

[Event "27e tournoi 1hKO"]
[Site "Montigny le Bretonneux"]
[Date "2025.05.31"]
[Round "5.11"]
[White "Conchou, Patrick"]
[Black "Saint-Esteben, Anton"]
[Result "1-0"]
[WhiteElo "1399"]
[BlackElo "1650"]
[Annotator "Rivier,Sylvain"]
[PlyCount "77"]
[EventDate "2025.??.??"]
[WhiteTeam "Echecs Club d'Orgeval"]
[BlackTeam "Club d'Echecs du Vesinet"]

{Ouverture irrégulière} 1. b4 d5 2. Bb2 Bf5 3. e3 e6 4. c4 c6 5. Nf3 Bxb4 6.
Bxg7 f6 7. Bxh8 Kf7 8. Nh4 Bg6 9. Nxg6 hxg6 10. cxd5 cxd5 11. Qb3 Nc6 12. a3
Qa5 13. Bd3 Nge7 14. Bxf6 Kxf6 15. Qb2+ Kf7 16. axb4 Qxb4 17. Qc3 a5 18. O-O d4
19. exd4 Qxd4 20. Qxd4 Nxd4 21. Nc3 Nb3 22. Ra2 Nc5 23. Be2 Nc6 24. Rc1 Nb3 25.
Rb1 Ncd4 26. Bc4 a4 27. Bxb3 Nxb3 28. Rxb3 Rc8 29. Rxb7+ Kf6 30. Rxa4 Kf5 31.
g4+ Kg5 32. Rb5+ Kh4 33. Kg2 Rd8 34. Ne4 g5 35. Ra7 Rh8 36. h3 e5 37. Rxe5 Rh6
38. Rxg5 Rh8 39. Raa5 1-0

[Event "27e tournoi 1hKO"]
[Site "Montigny le Bretonneux"]
[Date "2025.05.31"]
[Round "5.12"]
[White "Ferreira-Yang, Maxime"]
[Black "Bouloc, Roger"]
[Result "1-0"]
[WhiteElo "1619"]
[BlackElo "1438"]
[Annotator "Rivier,Sylvain"]
[PlyCount "76"]
[EventDate "2025.??.??"]
[WhiteTeam "Club d'Echecs de Guyancourt"]
[BlackTeam "La Dame Noire"]

1. e4 c5 2. Nf3 d6 3. c3 Nc6 4. d4 cxd4 5. cxd4 e6 6. Nc3 a6 7. Bf4 Be7 8. Bc4
Nf6 9. e5 dxe5 10. dxe5 Nd7 11. Ne4 O-O 12. Nd6 Qa5+ 13. Bd2 Qc7 14. Nxc8 Raxc8
15. Rc1 Ndxe5 16. Bf4 Qa5+ 17. Bd2 Nxf3+ 18. Qxf3 Bb4 19. Bc3 Bxc3+ 20. Qxc3
Qe5+ 21. Be2 Qxc3+ 22. Rxc3 Nd4 23. Rd3 Rfd8 24. Bd1 Nc2+ 25. Ke2 Nb4 26. Rxd8+
Rxd8 27. Bb3 Nd5 28. Rc1 g5 29. Bxd5 Rxd5 30. Rc7 Re5+ 31. Kd2 Rf5 {suite
illisible} 32. Kc2 Rb5 33. b3 Kg7 34. Kd2 Kf6 35. Rc2 h5 36. f3 Kg6 37. a4 Rb4
38. Kc3 a5 1-0

[Event "27e tournoi 1hKO"]
[Site "Montigny le Bretonneux"]
[Date "2025.05.31"]
[Round "5.13"]
[White "Fasquelle, Yann"]
[Black "Longbien, Dominique"]
[Result "0-1"]
[WhiteElo "1516"]
[BlackElo "1618"]
[Annotator "Rivier,Sylvain"]
[PlyCount "54"]
[EventDate "2025.??.??"]
[WhiteTeam "Saint-Quentin en Yvelines"]
[BlackTeam "La Dame Noire"]

{Partie espagnole, variante Cordel} 1. e4 e5 2. Nf3 Nc6 3. Bb5 Bc5 4. c3 Nf6 5.
d4 exd4 6. cxd4 Bb4+ 7. Bd2 Nxe4 8. O-O O-O 9. d5 Nxd2 10. Nbxd2 Ne7 11. Ne4 d6
12. a3 Ba5 13. Rc1 a6 14. Bc4 Bf5 15. Ng3 Bg4 16. b4 Bb6 17. Rc3 Ng6 18. Qc2
Qf6 19. Ne4 Qe7 20. Re1 Bxf3 21. Rxf3 f5 22. Bd3 fxe4 23. Rxe4 Qd7 24. Re6 Rxf3
25. gxf3 Qf7 26. Bf5 Rf8 27. Be4 Bd4 0-1

[Event "27e tournoi 1hKO"]
[Site "Montigny le Bretonneux"]
[Date "2025.05.31"]
[Round "5.15"]
[White "Cros, Isidore"]
[Black "Bellabas, Alia"]
[Result "1-0"]
[WhiteElo "1439"]
[BlackElo "1399"]
[Annotator "Rivier,Sylvain"]
[PlyCount "89"]
[EventDate "2025.??.??"]
[WhiteTeam "Le Petit Pouchet Paris"]
[BlackTeam "Club d'Echecs Perrotin"]

{Défense des deux cavaliers} 1. e4 e5 2. Nf3 Nc6 3. d4 exd4 4. Bc4 d6 5. Nxd4
Bd7 6. O-O Nf6 7. Nxc6 Bxc6 8. Bg5 Be7 9. Bxf6 Bxf6 10. c3 O-O 11. Nd2 Re8 12.
Re1 d5 13. exd5 Bxd5 14. Rxe8+ Qxe8 15. Bxd5 c6 16. Bc4 Rd8 17. Qe1 Qxe1+ 18.
Rxe1 g6 19. Nf3 c5 20. g3 g5 21. h3 h5 22. g4 hxg4 23. hxg4 Kf8 24. Re2 Be7 25.
Rd2 Rxd2 26. Nxd2 f6 27. Ne4 Kg7 28. Be6 b5 29. Kf1 Kf8 30. Ke2 c4 31. Ke3 Bd8
32. Kd4 Bb6+ 33. Kd5 Ke7 34. Bc8 Bc7 35. Ba6 b4 36. cxb4 f5 37. gxf5 Bf4 38.
Bxc4 g4 39. f6+ Kf7 40. Kc6+ Kf8 41. Kb7 Bh2 42. Kxa7 Bg1 43. b5 Bxf2+ 44. Nxf2
g3 45. b6 1-0

[Event "27e tournoi 1hKO"]
[Site "Montigny le Bretonneux"]
[Date "2025.05.31"]
[Round "5.16"]
[White "Gabory, Donatien"]
[Black "Ouaddi, Oussama"]
[Result "0-1"]
[WhiteElo "1299"]
[BlackElo "1566"]
[Annotator "Rivier,Sylvain"]
[PlyCount "118"]
[EventDate "2025.??.??"]
[WhiteTeam "Club d'Echecs de Guyancourt"]
[BlackTeam "Club d'Echecs de Triel sur Seine"]

{Défense sicilienne, variante Rossolimo} 1. e4 c5 2. Bc4 e6 3. Nc3 Nc6 4. Nf3
g6 5. d4 cxd4 6. Nxd4 Bg7 7. Be3 Nge7 8. Nce2 O-O 9. O-O d5 10. Bd3 e5 11. Nxc6
bxc6 12. c3 Rb8 13. Qc2 a5 14. a4 Bg4 15. f3 Be6 16. Rfd1 Qc7 17. Rd2 h5 18. f4
dxe4 19. Bxe4 Bg4 20. fxe5 Bxe5 21. Rf1 Bxh2+ 22. Kh1 Nf5 23. Bxf5 Bxf5 24.
Rxf5 gxf5 25. Qxf5 Qe5 26. Qxe5 Bxe5 27. Bd4 Bxd4 28. cxd4 Rb4 29. Nc3 Rfb8 30.
Ne4 Kg7 31. Ng3 Kg6 32. d5 h4 33. Ne2 Rxb2 34. Rxb2 Rxb2 35. Nc3 cxd5 36. Nxd5
Ra2 37. Nf4+ Kf5 38. Nh3 Kg4 39. Kh2 Rxa4 40. Nf2+ Kh5 41. g3 Ra2 42. Kg2 Rxf2+
43. Kxf2 hxg3+ 44. Kxg3 a4 45. Kf4 Kg6 46. Ke4 a3 47. Kd4 a2 48. Kc5 a1=Q 49.
Kb4 Qc1 50. Kb3 f6 51. Kb4 f5 52. Kb3 f4 53. Kb4 f3 54. Kb5 f2 55. Kb6 f1=R 56.
Kb5 Qc2 57. Kb4 Rb1+ 58. Ka3 Qb2+ 59. Ka4 Qb4# 0-1

[Event "27e tournoi 1hKO"]
[Site "Montigny le Bretonneux"]
[Date "2025.05.31"]
[Round "5.17"]
[White "Corbillet, Mathieu"]
[Black "Carbonero, Jean Marc"]
[Result "1-0"]
[WhiteElo "1652"]
[BlackElo "1399"]
[Annotator "Rivier,Sylvain"]
[PlyCount "59"]
[EventDate "2025.??.??"]
[WhiteTeam "La Dame Noire"]
[BlackTeam "La Dame Noire"]

{Défense Philidor} 1. e4 e5 2. Nf3 Nc6 3. d4 d6 4. dxe5 dxe5 5. Qxd8+ Nxd8 6.
Nxe5 f6 7. Nf3 Bb4+ 8. c3 Bc5 9. Bf4 Ne6 10. Bg3 Bd6 11. Bc4 Bxg3 12. hxg3 Bd7
13. Na3 b5 14. Nxb5 O-O-O 15. O-O-O a6 16. Nbd4 Ne7 17. Bxe6 Bxe6 18. Nxe6
Rxd1+ 19. Rxd1 Rg8 20. Nh4 Kb7 21. Rd7 Re8 22. Rxc7+ Kb6 23. Nf5 Nc8 24. Nfd4
Nd6 25. Rc6+ Ka7 26. Rxd6 Kb8 27. Nc6+ Kb7 28. Nc5+ Kb6 29. Nd4+ Kxc5 30. Rc6#
1-0

[Event "27e tournoi 1hKO"]
[Site "Montigny le Bretonneux"]
[Date "2025.05.31"]
[Round "5.18"]
[White "Tanchoux, Pierre"]
[Black "Kissian, Pascal"]
[Result "0-1"]
[WhiteElo "1462"]
[BlackElo "1650"]
[Annotator "Rivier,Sylvain"]
[PlyCount "56"]
[EventDate "2025.??.??"]
[WhiteTeam "La Dame Noire"]
[BlackTeam "la Tour des Clayes"]

{Partie du pion dame} 1. d4 d5 2. Nf3 Bf5 3. e3 Nf6 4. Bd3 Bg4 5. O-O e6 6. h3
Bh5 7. Nbd2 Bd6 8. Qe1 Nbd7 9. Be2 c6 10. b3 Qc7 11. Bb2 h6 12. Qd1 g5 13. g4
Bg6 14. c4 Be7 15. cxd5 Nxd5 16. a3 h5 17. Ne5 hxg4 18. Bxg4 N7f6 19. Nxg6 fxg6
20. Bxe6 Qd6 21. Bg4 Rh4 22. Nf3 Nxg4 23. Ne5 Nxe5 24. dxe5 Qe6 25. Qf3 Rxh3
26. Qg2 O-O-O 27. Rad1 Rdh8 28. e4 Nf4 0-1

[Event "27e tournoi 1hKO"]
[Site "Montigny le Bretonneux"]
[Date "2025.05.31"]
[Round "5.19"]
[White "Hajjouj, Mouhcine"]
[Black "Orfila, Hugo"]
[Result "1-0"]
[WhiteElo "1592"]
[BlackElo "1299"]
[Annotator "Rivier,Sylvain"]
[PlyCount "89"]
[EventDate "2025.??.??"]
[WhiteTeam "Cercle Echiquier Pertuisien"]
[BlackTeam "Club d'Echecs de Guyancourt"]

{Partie du pion dame} 1. Nf3 d5 2. d4 Nc6 3. g3 Nf6 4. Bg2 e6 5. O-O Bd6 6. b3
e5 7. dxe5 Nxe5 8. Bb2 Nxf3+ 9. Bxf3 Be7 10. Nd2 Bh3 11. Re1 d4 12. Bxb7 Rb8
13. Bc6+ Bd7 14. Bg2 Qc8 15. Bxd4 Bh3 16. Bxa7 Rb5 17. Bc6+ Kf8 18. Bxb5 Qb7
19. Nf3 Qxb5 20. Qd3 Qb7 21. Bd4 g5 22. e4 g4 23. Ng5 h6 24. Nxh3 gxh3 25. Bxf6
Bxf6 26. Rad1 c5 27. Qd5 Qa7 28. a4 Bc3 29. Re2 Qa6 30. Qxc5+ Kg8 31. Rd8+ Kh7
32. Rxh8+ Kxh8 33. Qxc3+ f6 34. Qd3 Qa8 35. g4 h5 36. Qxh3 Kg7 37. Qxh5 Qd8 38.
Qd5 Qc8 39. h3 Qa6 40. Rd2 Qc8 41. Qd7+ Qxd7 42. Rxd7+ Kg6 43. a5 Kg5 44. Kg2
Kf4 45. f3 1-0

[Event "27e tournoi 1hKO"]
[Site "Montigny le Bretonneux"]
[Date "2025.05.31"]
[Round "5.20"]
[White "Badjate, Nishchal"]
[Black "Orfila, Leila"]
[Result "1-0"]
[WhiteElo "1470"]
[BlackElo "1299"]
[Annotator "Rivier,Sylvain"]
[PlyCount "47"]
[EventDate "2025.??.??"]
[WhiteTeam "La Dame Noire"]
[BlackTeam "Club d'Echecs de Guyancourt"]

{Gambit dame} 1. d4 d5 2. c4 Nf6 3. cxd5 Nxd5 4. e4 Nf6 5. Nc3 Nc6 6. Nf3 Bg4
7. d5 Ne5 8. Be2 e6 9. h3 Bxf3 10. Bxf3 Nxf3+ 11. Qxf3 Bd6 12. Qe2 O-O 13. e5
Bc5 14. exf6 gxf6 15. Bh6 Kh8 16. Bxf8 Qxf8 17. O-O Qd6 18. Rad1 Rg8 19. dxe6
Qc6 20. g3 fxe6 21. Ne4 f5 22. Nxc5 f4 23. Qe5+ Rg7 24. Nxe6 1-0

[Event "27e tournoi 1hKO"]
[Site "Montigny le Bretonneux"]
[Date "2025.05.31"]
[Round "5.21"]
[White "Gabory, Clement"]
[Black "El Hamoui, Noah"]
[Result "1-0"]
[WhiteElo "1299"]
[BlackElo "1299"]
[Annotator "Rivier,Sylvain"]
[PlyCount "33"]
[EventDate "2025.??.??"]
[WhiteTeam "Club d'Echecs de Guyancourt"]
[BlackTeam "Saint-Quentin en Yvelines"]

{Partie italienne} 1. e4 e5 2. Nf3 Nc6 3. Bc4 Nf6 4. Nc3 Bc5 5. O-O O-O 6. d3
d6 7. Bg5 Bg4 8. Nd5 Nd4 9. Bxf6 gxf6 10. Kh1 Nxf3 11. gxf3 Bh3 12. Rg1+ Kh8
13. f4 Bxf2 14. Qh5 Bxg1 15. Rxg1 Be6 16. Qh6 Bxd5 17. Qg7# 1-0

[Event "27e tournoi 1hKO"]
[Site "Montigny le Bretonneux"]
[Date "2025.05.31"]
[Round "6.1"]
[White "Thibous, Mathis"]
[Black "Thibous, Leo"]
[Result "1/2-1/2"]
[WhiteElo "2145"]
[BlackElo "1862"]
[Annotator "Rivier,Sylvain"]
[PlyCount "62"]
[EventDate "2025.??.??"]
[WhiteTeam "Fontainebleau-Avon"]
[BlackTeam "Fontainebleau-Avon"]

{Défense Grünfeld, variante d'échange} 1. d4 g6 2. c4 Nf6 3. Nc3 d5 4. cxd5
Nxd5 5. e4 Nxc3 6. bxc3 Bg7 7. Nf3 c5 8. Bb5+ Nc6 9. O-O O-O 10. Bxc6 bxc6 11.
Qc2 Qa5 12. a4 cxd4 13. cxd4 Bg4 14. Ne5 Bxe5 15. dxe5 Qxe5 16. Bb2 Qc7 17. f3
Be6 18. Ba3 Rfd8 19. Rfd1 Qe5 20. Qc5 Qxc5+ 21. Bxc5 f5 22. Bxe7 Re8 23. Bc5
fxe4 24. fxe4 Bb3 25. Rd4 Bc2 26. Re1 Rad8 27. Rxd8 Rxd8 28. Bxa7 Bxa4 29. e5
Rd1 30. Rxd1 Bxd1 31. Kf2 Kf7 1/2-1/2

[Event "27e tournoi 1hKO"]
[Site "Montigny le Bretonneux"]
[Date "2025.05.31"]
[Round "6.2"]
[White "Fasquelle, Cedric"]
[Black "Krivcenko, Aleksandrs"]
[Result "1-0"]
[WhiteElo "1774"]
[BlackElo "1919"]
[Annotator "Rivier,Sylvain"]
[PlyCount "77"]
[EventDate "2025.??.??"]
[WhiteTeam "Saint-Quentin en Yvelines"]
[BlackTeam "Fontainebleau-Avon"]

{Défense sicilienne, variante Löwenthal} 1. e4 c5 2. Nf3 Nc6 3. d4 cxd4 4.
Nxd4 Nf6 5. Nc3 e5 6. Ndb5 d6 7. Bg5 a6 8. Bxf6 gxf6 9. Na3 b5 10. Nd5 f5 11.
Bd3 Be6 12. c3 Bg7 13. Qf3 Bxd5 14. exd5 e4 15. Qg3 Be5 16. f4 Bf6 17. O-O Ne7
18. Be2 Qb6+ 19. Kh1 Nxd5 20. Nc2 Ne7 21. Rad1 d5 22. Nd4 Bxd4 23. Rxd4 Qg6 24.
Qh3 h5 25. a4 bxa4 26. Rxa4 Qh6 27. Rd4 Rb8 28. b4 h4 29. Qe3 Rg8 30. Ra1 Rg6
31. b5 axb5 32. Rb4 Ra6 33. Rab1 Ra2 34. Bxb5+ Kf8 35. Bf1 Rxb4 36. Rxb4 Ra1
37. Kg1 Qe6 38. c4 dxc4 39. Rb6 {suite non notée} 1-0

[Event "27e tournoi 1hKO"]
[Site "Montigny le Bretonneux"]
[Date "2025.05.31"]
[Round "6.3"]
[White "Suffert, Martin"]
[Black "Alami Messaoudi, Wissam"]
[Result "1/2-1/2"]
[WhiteElo "1896"]
[BlackElo "1784"]
[Annotator "Rivier,Sylvain"]
[PlyCount "49"]
[EventDate "2025.??.??"]
[WhiteTeam "la Tour des Clayes"]
[BlackTeam "La Dame Noire"]

{Gambit dame, variante d'échange} 1. d4 d5 2. c4 e6 3. Nc3 Nf6 4. cxd5 exd5 5.
Bg5 c6 6. Qc2 h6 7. Bf4 Bd6 8. Bxd6 Qxd6 9. e3 O-O 10. Bd3 Re8 11. Nge2 b5 12.
O-O a5 13. Bxb5 cxb5 14. Nxb5 Qc6 15. Qxc6 Nxc6 16. Nc7 Ba6 17. Nxe8 Rxe8 18.
Rfc1 Nb4 19. Nc3 Rc8 20. Rd1 Nd3 21. Rd2 Kf8 22. f3 Nxb2 23. Rxb2 Rxc3 24. Re1
Bc4 25. e4 1/2-1/2

[Event "27e tournoi 1hKO"]
[Site "Montigny le Bretonneux"]
[Date "2025.05.31"]
[Round "6.4"]
[White "Almeida, Oscar Coelho"]
[Black "Forissier, Nicolas"]
[Result "0-1"]
[WhiteElo "1822"]
[BlackElo "1890"]
[Annotator "Rivier,Sylvain"]
[PlyCount "60"]
[EventDate "2025.??.??"]
[WhiteTeam "Saint-Quentin en Yvelines"]
[BlackTeam "La Dame Noire"]

{Partie italienne, guiocco piano} 1. e4 e5 2. Nf3 Nc6 3. Bc4 Bc5 4. d3 Nf6 5.
Bg5 d6 6. O-O Bg4 7. c3 Qd7 8. b4 Bb6 9. a4 a5 10. b5 Ne7 11. Qb3 Ng6 12. Bxf6
Bxf3 13. Nd2 Be2 14. Rfe1 gxf6 15. Rxe2 Nf4 16. Ree1 Rg8 17. Bxf7+ Qxf7 18. g3
Nxd3 19. Re2 Rg4 20. c4 Nc5 21. Qf3 Rg6 22. Ree1 O-O-O 23. Re2 Ne6 24. Nb3 Kb8
25. Rc1 Nd4 26. Nxd4 Bxd4 27. Rec2 Rf8 28. Kg2 f5 29. exf5 Qxf5 30. Qxf5 Rxf5 {
suite illisible} 0-1

[Event "27e tournoi 1hKO"]
[Site "Montigny le Bretonneux"]
[Date "2025.05.31"]
[Round "6.5"]
[White "Chevrier, Denis"]
[Black "Fayolle, Guy"]
[Result "1-0"]
[WhiteElo "1734"]
[BlackElo "1683"]
[Annotator "Rivier,Sylvain"]
[PlyCount "69"]
[EventDate "2025.??.??"]
[WhiteTeam "Club d'Echecs de l'Arpajonnais"]
[BlackTeam "Saint-Quentin en Yvelines"]

{Ouverture anglaise, défense anglo-Grünfeld} 1. c4 Nf6 2. Nc3 g6 3. g3 Bg7 4.
Bg2 e5 5. e3 O-O 6. Nge2 c6 7. O-O d5 8. cxd5 Nxd5 9. Nxd5 cxd5 10. d4 e4 11.
Nc3 b6 12. Bd2 Nc6 13. a3 h5 14. f3 f5 15. fxe4 dxe4 16. b4 Be6 17. Rc1 Rc8 18.
Ne2 g5 19. Be1 Ne7 20. Nc3 Bc4 21. Rf2 Qe8 22. Bf1 Qf7 23. Nxe4 Bxf1 24. Rxf1
Rxc1 25. Qxc1 Rc8 26. Qd2 Qg6 27. Nc3 Qc6 28. Qg2 Qxg2+ 29. Kxg2 Kh7 30. Nb5
Rc2+ 31. Rf2 Rc1 32. Bd2 Ra1 33. Bc3 Rc1 34. Bb2 Rc4 35. Nxa7 {suite illisible}
1-0

[Event "27e tournoi 1hKO"]
[Site "Montigny le Bretonneux"]
[Date "2025.05.31"]
[Round "6.6"]
[White "Conchou, Patrick"]
[Black "Neveu, Raphael"]
[Result "0-1"]
[WhiteElo "1399"]
[BlackElo "1741"]
[Annotator "Rivier,Sylvain"]
[PlyCount "78"]
[EventDate "2025.??.??"]
[WhiteTeam "Echecs Club d'Orgeval"]
[BlackTeam "La Dame Noire"]

{Ouverture irrégulière} 1. b4 Nf6 2. Bb2 d5 3. e3 e5 4. a3 Bd6 5. c4 c6 6. c5
Bc7 7. Nf3 Qe7 8. Be2 O-O 9. O-O Bf5 10. Nh4 Bg6 11. Nxg6 hxg6 12. h3 Nbd7 13.
d3 a5 14. Nd2 Rfe8 15. Re1 Qe6 16. Qc2 Rac8 17. e4 d4 18. Bf1 Nh5 19. g3 f5 20.
Bg2 f4 21. g4 Nhf6 22. f3 Kf7 23. Kf2 Rh8 24. Rh1 Qe7 25. Nc4 axb4 26. axb4 Ne8
27. Kf1 Bd8 28. Ra2 Qe6 29. Ba3 Qf6 30. Qb3 Kf8 31. b5 Be7 32. bxc6 bxc6 33.
Nb6 Rc7 34. Na8 Ra7 35. Nb6 Rc7 36. Na8 Rb7 37. Nb6 Qf7 38. Nxd7+ Rxd7 39. Bc1
Qxb3 0-1

[Event "27e tournoi 1hKO"]
[Site "Montigny le Bretonneux"]
[Date "2025.05.31"]
[Round "6.7"]
[White "Payot, Guillaume"]
[Black "Ferreira-Yang, Maxime"]
[Result "1-0"]
[WhiteElo "1729"]
[BlackElo "1619"]
[Annotator "Rivier,Sylvain"]
[PlyCount "45"]
[EventDate "2025.??.??"]
[WhiteTeam "CE Le Roi Soleil - Le Chesnay - Versailles"]
[BlackTeam "Club d'Echecs de Guyancourt"]

{Gambit dame} 1. d4 Nf6 2. c4 e6 3. Nc3 d5 4. cxd5 Nxd5 5. e4 Nxc3 6. bxc3 c5
7. Rb1 b6 8. Bd3 Bb7 9. Nf3 Nc6 10. O-O Be7 11. Re1 O-O 12. e5 Kh8 13. Bc2 Qd5
14. Qd3 g6 15. Bb3 Qd7 16. Qe3 Rfd8 17. Qh6 Bf8 18. Qh3 Be7 19. Ng5 Bxg5 20.
Bxg5 Rg8 21. Bf6+ Rg7 22. Qh6 Rag8 23. Re3 1-0

[Event "27e tournoi 1hKO"]
[Site "Montigny le Bretonneux"]
[Date "2025.05.31"]
[Round "6.8"]
[White "Pujol, Nicolas"]
[Black "Longbien, Dominique"]
[Result "0-1"]
[WhiteElo "1654"]
[BlackElo "1618"]
[Annotator "Rivier,Sylvain"]
[PlyCount "64"]
[EventDate "2025.??.??"]
[WhiteTeam "CE Le Roi Soleil - Le Chesnay - Versailles"]
[BlackTeam "La Dame Noire"]

{Ouverture anglaise, variante Botvinnik} 1. c4 c5 2. Nc3 Nc6 3. g3 e5 4. Bg2
Nge7 5. e4 g6 6. Nge2 Bg7 7. d3 O-O 8. O-O a6 9. a3 Rb8 10. Rb1 b5 11. cxb5
axb5 12. b4 cxb4 13. axb4 Rb6 14. Bg5 Bb7 15. Qd2 Re8 16. Nd5 Ra6 17. Nec3 Qb8
18. Ra1 Nxd5 19. Nxd5 Nd4 20. Rxa6 Bxa6 21. Nf6+ Bxf6 22. Bxf6 Qd6 23. Bg5 Bb7
24. f4 f5 25. fxe5 Rxe5 26. Bf4 Qb6 27. Qa2+ Re6 28. Kh1 Kg7 29. Rd1 fxe4 30.
dxe4 Bxe4 31. Qb2 Bxg2+ 32. Kxg2 Re2+ 0-1

[Event "27e tournoi 1hKO"]
[Site "Montigny le Bretonneux"]
[Date "2025.05.31"]
[Round "6.9"]
[White "Salagnac, Sowan"]
[Black "Nguyen-Vany, Jean"]
[Result "1-0"]
[WhiteElo "1640"]
[BlackElo "1653"]
[Annotator "Rivier,Sylvain"]
[PlyCount "55"]
[EventDate "2025.??.??"]
[WhiteTeam "Saint-Quentin en Yvelines"]
[BlackTeam "Echiquier Médocain"]

{Défense française, variante Rubinstein} 1. e4 e6 2. d4 d5 3. Nc3 dxe4 4.
Nxe4 Nf6 5. Nxf6+ Qxf6 6. Nf3 h6 7. Bd3 Bd6 8. O-O O-O 9. c3 Nc6 10. Bc2 Ne7
11. Qd3 Ng6 12. h4 h5 13. Bg5 Qf5 14. Qd2 Qb5 15. Bxg6 fxg6 16. Rfe1 Bd7 17.
Ne5 Bxe5 18. Rxe5 Qb6 19. Rae1 Kh7 20. Qc2 Rf7 21. Be3 Qc6 22. Rxh5+ Kg8 23.
Qxg6 Rf6 24. Qh7+ Kf7 25. Rg5 Rg8 26. Rg3 Be8 27. Bg5 Rf5 28. Bh6 1-0

[Event "27e tournoi 1hKO"]
[Site "Montigny le Bretonneux"]
[Date "2025.05.31"]
[Round "6.10"]
[White "Branson, James"]
[Black "Meddour, Ithri"]
[Result "1-0"]
[WhiteElo "1665"]
[BlackElo "1562"]
[Annotator "Rivier,Sylvain"]
[PlyCount "113"]
[EventDate "2025.??.??"]
[WhiteTeam "Club d'Echecs de Guyancourt"]
[BlackTeam "Saint-Quentin en Yvelines"]

{Défense Caro-Kann, variante d'avance} 1. e4 c6 2. d4 d5 3. f3 e6 4. Bd3 Qb6
5. Ne2 c5 6. c3 Nc6 7. a3 Nf6 8. b4 cxb4 9. cxb4 Nd7 10. Bb2 a5 11. b5 Na7 12.
a4 Bb4+ 13. Bc3 Qd6 14. e5 Qe7 15. O-O O-O 16. Qc2 f5 17. Nf4 g5 18. Bxb4 axb4
19. Nh5 Qf7 20. g4 f4 21. Nd2 b6 22. Kf2 Bb7 23. Rac1 Rac8 24. Qb1 Qe7 25. Rh1
Rxc1 26. Rxc1 Rc8 27. Rxc8+ Nxc8 28. Qc2 Nf8 29. Nf6+ Kh8 30. Nb3 h6 31. Na1
Nd7 32. Nxd7 Qxd7 33. Qb3 Qg7 34. Nc2 Qe7 35. Nxb4 Qc7 36. Qc2 Qxc2+ 37. Bxc2
Kg7 38. Kg2 Kf7 39. h4 Ke7 40. hxg5 hxg5 41. Bh7 Ke8 42. Nd3 Kf7 43. Nf2 Ne7
44. Nh3 Kg7 45. Nxg5 Kh6 46. Nxe6 Kxh7 47. Nxf4 Kh6 48. Ne6 Bc8 49. Nc7 Kg5 50.
Kg3 Ng6 51. Nxd5 Bb7 52. Nxb6 Nf4 53. Kf2 Ne6 54. d5 Nc5 55. a5 Nd3+ 56. Ke3
Nxe5 57. a6 1-0

[Event "27e tournoi 1hKO"]
[Site "Montigny le Bretonneux"]
[Date "2025.05.31"]
[Round "6.11"]
[White "Plantet, Marc"]
[Black "Adsul, Tanush"]
[Result "1-0"]
[WhiteElo "1854"]
[BlackElo "1299"]
[Annotator "Rivier,Sylvain"]
[PlyCount "103"]
[EventDate "2025.??.??"]
[WhiteTeam "La Dame Noire"]
[BlackTeam "La Dame Noire"]

{Partie du pion dame} 1. d4 Nf6 2. Nc3 d5 3. Bf4 Bf5 4. f3 Bg6 5. g4 e6 6. h4
h6 7. e3 c5 8. Nh3 a6 9. Be5 Nc6 10. Nf4 Bh7 11. g5 hxg5 12. hxg5 Bxc2 13. Qxc2
Rxh1 14. g6 Qd7 15. gxf7+ Qxf7 16. O-O-O Nb4 17. Qa4+ Qd7 18. a3 Na2+ 19. Kc2
Qxa4+ 20. Nxa4 cxd4 21. Bxd4 Rc8+ 22. Kb1 Rh2 23. Kxa2 Rf2 24. Bh3 Rb8 25. Bxe6
b5 26. Nc5 Bxc5 27. Bxc5 Rxf3 28. Nxd5 Nxd5 29. Bxd5 Rg3 30. Bd6 Rxe3 31. Bxb8
Ke7 32. Ba7 Rg3 33. Bd4 g5 34. Be5 Re3 35. Bg7 g4 36. Rg1 Kd6 37. Bb7 a5 38.
Rxg4 Kc7 39. Ba6 Kb6 40. Bd4+ Kxa6 41. Bxe3 a4 42. Rg7 b4 43. axb4 a3 44. bxa3
Kb5 45. Kb3 Kc6 46. Kc4 Kd6 47. b5 Ke5 48. b6 Kf6 49. Bd4+ Ke6 50. b7 Kf5 51.
b8=Q Ke6 52. Qe5# 1-0